000 00451nam a2200193Ia 4500
003 OSt
005 20251203163723.0
008 250729s1977 xx 000 0 und d
020 _a9781139051729
040 _cAL
041 _aeng
082 _a420 THIL
100 _aThirumalai M S
_9225527
245 _aLanguage acquisition,thought & disaster
260 _aMysore
_c1977
300 _a138p
650 _aEnglish
_9225528
942 _2ddc
_cBED
999 _c236957
_d236957